[Event "FIDE World Blitz 2014"]
[Site "Dubai UAE"]
[Date "2014.06.20"]
[Round "13"]
[White "Amin, Bassem"]
[Black "Bacrot, Etienne"]
[Result "1/2-1/2"]
[WhiteElo "2667"]
[BlackElo "2744"]
[EventDate "2014.06.19"]

1. Nf3 Nf6 2. g3 g6 3. Bg2 Bg7 4. O-O O-O 5. d3 c5 6. e4 d6 7. c3 Nc6 8.
Re1 Rb8 9. h3 b5 10. a3 a5 11. d4 cxd4 12. cxd4 d5 13. e5 Ne4 14. Nbd2 Bf5
15. Nf1 b4 16. Nh4 bxa3 17. Rxa3 Qb6 18. f3 Nxd4 19. Be3 Qxb2 20. Rxa5 Nc2
21. fxe4 Nxe1 22. exf5 Nxg2 23. Nxg2 gxf5 24. Qxd5 e6 25. Qd4 Qxd4 26. Bxd4
Rfd8 27. Be3 Ra8 28. Rb5 Rdb8 29. Rxb8+ Rxb8 30. Bf4 Rb5 31. Kf2 Bxe5 32.
Bxe5 Rxe5 33. Nfe3 Ra5 34. Kf3 Kg7 35. g4 fxg4+ 36. hxg4 h6 37. Nf4 Ra3 38.
Ke4 Kf6 39. Nd3 Kg5 40. Ne5 Kf6 41. Nd7+ Kg5 42. Ne5 Ra4+ 43. Kf3 f5 44.
gxf5 exf5 45. Nf7+ Kg6 46. Ne5+ Kf6 47. Nd3 h5 48. Nf4 h4 49. Nh3 Ra3 50.
Kf4 Ra4+ 51. Kf3 Ke5 52. Ng5 Ra3 53. Kf2 Kf4 54. Nh3+ Ke5 55. Nc4+ Kf6 56.
Nxa3 1/2-1/2

[Event "FIDE World Blitz 2014"]
[Site "Dubai UAE"]
[Date "2014.06.20"]
[Round "14"]
[White "Yudin, Sergei"]
[Black "Le, Quang Liem"]
[Result "*"]
[WhiteElo "2559"]
[BlackElo "2817"]
[EventDate "2014.06.19"]

1. e4 c5 2. Nf3 e6 3. c3 Nf6 4. e5 Nd5 5. d4 cxd4 6. cxd4 d6 7. a3 Nc6 8.
Bd3 Be7 9. O-O O-O 10. Qe2 Qc7 11. Re1 Rd8 12. Qe4 g6 13. h4 Bd7 14. h5 f5
15. exf6 Nxf6 16. Qh4 Nxh5 17. Bg5 Bxg5 18. Nxg5 d5 19. g3 Bc8 20. Nc3 Qe7
21. Ne2 Rf8 22. b4 a6 23. Rad1 Bd7 24. Bc2 Rae8 25. f4 Qg7 26. Kg2 Rc8 27.
Bb1 Ne7 28. Ng1 Nf5 29. Bxf5 exf5 30. N5f3 Nf6 31. Rc1 Ne4 32. Ne5 Bb5 33.
Ngf3 Qf6 34. Ng5 h5 35. Nxe4 Qxh4 36. gxh4 dxe4 37. Nxg6 Rxc1 38. Rxc1 Rf7
39. Ne5 Rf6 40. d5 Rd6 41. Rd1 Kg7 42. Kf2 Kf6 43. Ke3 Be8 44. Nc4 Rd8 45.
d6 Ke6 46. Rg1 b5 47. Ne5 Rxd6 48. Rg8 Ke7 49. Rg7+ Ke6 50. Rg8 Ke7 51.
Rg7+ Kf6 52. Rg8 Ke7 53. Rg7+ Kd8 54. Rg5 Rf6 55. Rg7 a5 56. Kd4 axb4 57.
axb4 Rd6+ 58. Ke3 Rd1 59. Rg5 Re1+ 60. Kd4 Rd1+ 61. Ke3 Re1+ 62. Kd4 Rd1+
63. Ke3 Rb1 64. Rxf5 Rxb4 65. Rf6 Ra4 66. Rd6+ Ke7 67. Rb6 b4 68. f5 Ra5
69. Kxe4 Ra4 70. f6+ Kf8 71. Kf5 Ra5 72. Rb8 Rb5 73. Ra8 b3 74. f7 Rxe5+
75. Kxe5 Kxf7 76. Rb8 Ba4 77. Rb4 Bd7 78. Rxb3 Bg4 79. Rb6 Kg7 80. Kf4 Kf7
81. Kg5 Be2 82. Rf6+ Ke7 83. Rf4 Bg4 84. Kg6 Ke6 85. Re4+ Kd5 86. Re1 Kd6
87. Kf6 Kd5 88. Re8 Kd4 89. Kg5 Kd5 90. Kf4 Kd6 91. Re1 Kd5 92. Re5+ Kd6
93. Ke4 Bf3+ 94. Kd4 Bg4 *

[Event "FIDE World Blitz 2014"]
[Site "Dubai UAE"]
[Date "2014.06.20"]
[Round "19"]
[White "Morozevich, Alexander"]
[Black "Nakamura, Hikaru"]
[Result "1/2-1/2"]
[WhiteElo "2741"]
[BlackElo "2879"]
[EventDate "2014.06.19"]

1. d4 f5 2. Bf4 Nf6 3. e3 g6 4. h4 d6 5. h5 Bg7 6. hxg6 hxg6 7. Rxh8+ Bxh8
8. Qf3 c6 9. Nc3 Be6 10. Nh3 Nbd7 11. O-O-O Qa5 12. a3 O-O-O 13. Ng5 Bg8
14. e4 fxe4 15. Ngxe4 Qh5 16. Be2 Qxf3 17. Bxf3 Bg7 18. Nxf6 Nxf6 19. Ne4
Rf8 20. Nxf6 Bxf6 21. Bh6 Rd8 22. Be3 Kc7 23. Rh1 Be6 24. Be4 Rg8 25. Kd2
a6 26. c3 Kd7 27. f3 b5 28. g4 g5 29. Rh7 a5 30. b4 axb4 31. axb4 Ra8 32.
Bf5 Bxf5 33. gxf5 Ra2+ 34. Kd3 Rg2 35. Rh1 g4 36. fxg4 Rxg4 37. Ra1 Rg3 38.
Ke2 Rg2+ 39. Kd3 Rg3 40. Ke2 Rh3 41. Ra7+ Kc8 42. d5 cxd5 43. Bd4 Rh5 44.
Bxf6 exf6 45. Ra5 d4 46. Rxb5 dxc3 47. Rd5 Kc7 48. b5 Rh2+ 49. Kd1 Rd2+ 50.
Rxd2 cxd2 51. Kxd2 Kb6 52. Kc3 Kxb5 53. Kd4 Kc6 54. Ke4 Kc5 55. Kf4 Kd4
1/2-1/2

[Event "FIDE World Blitz 2014"]
[Site "Dubai UAE"]
[Date "2014.06.20"]
[Round "20"]
[White "Le, Quang Liem"]
[Black "Anand, Viswanathan"]
[Result "1-0"]
[WhiteElo "2817"]
[BlackElo "2827"]
[EventDate "2014.06.19"]

1. Nf3 d5 2. g3 g6 3. Bg2 Bg7 4. c4 dxc4 5. Na3 e5 6. Qc2 Nc6 7. Nxc4 Nge7
8. d3 O-O 9. O-O h6 10. h3 Nf5 11. Bd2 Nfd4 12. Nxd4 Nxd4 13. Qd1 Re8 14.
Bc3 c6 15. Rc1 a5 16. a4 Be6 17. b3 b5 18. Nd2 Rc8 19. Bxd4 exd4 20. Rxc6
bxa4 21. bxa4 Rxc6 22. Bxc6 Re7 23. Bg2 Rc7 24. Qb1 Bf8 1-0

[Event "FIDE World Blitz 2014"]
[Site "Dubai UAE"]
[Date "2014.06.20"]
[Round "20"]
[White "Mamedyarov, Shakhriyar"]
[Black "Wojtaszek, Radoslaw"]
[Result "0-1"]
[WhiteElo "2822"]
[BlackElo "2726"]
[EventDate "2014.06.19"]

1. d4 Nf6 2. Bg5 d5 3. Bxf6 gxf6 4. e3 c5 5. dxc5 e6 6. c4 dxc4 7. Qc2 Bxc5
8. Bxc4 Nc6 9. a3 Be7 10. Nf3 Qa5+ 11. Nc3 Bd7 12. O-O O-O 13. Bb5 Rac8 14.
Qe4 f5 15. Qf4 a6 16. Bc4 Qc7 17. Qh6 Ne5 18. Ng5 Bxg5 19. Qxg5+ Ng6 20.
Rad1 Bc6 21. Rd4 Rcd8 22. Rfd1 Rxd4 23. Rxd4 Qe7 24. h4 Qxg5 25. hxg5 Kg7
26. Rd6 Rc8 27. Be2 h6 28. gxh6+ Kxh6 29. f4 Kg7 30. Bf3 Bxf3 31. gxf3 Rc7
32. Kf2 Kf8 33. Rd8+ Ke7 34. Rb8 Nf8 35. e4 Nd7 36. Rh8 fxe4 37. fxe4 Nc5
38. Ke2 Rd7 39. e5 Nd3 40. Ne4 Nxf4+ 41. Ke3 Ng6 42. Rb8 Nxe5 43. Nc5 Rc7
44. Rxb7 Rxb7 45. Nxb7 Nc4+ 46. Kd4 Nxb2 47. Nc5 Kd6 48. Nxa6 f5 49. Nb4
e5+ 50. Kc3 Na4+ 51. Kb3 Nc5+ 52. Kc4 f4 53. Nd5 Ne6 54. a4 e4 55. Nxf4
Nxf4 56. Kd4 0-1